| 000 | 00557nam a22001937a 4500 | ||
|---|---|---|---|
| 003 | OSt | ||
| 005 | 20151130184204.0 | ||
| 008 | 151130b xxu||||| |||| 00| 0 eng d | ||
| 020 | _a9781564032 | ||
| 040 | _cDDC. | ||
| 082 | _a370UCH 1995. | ||
| 100 |
_aPatrick,Uchendu; _96312 |
||
| 245 |
_aEducation and the Changing Economic . _bRole of Nigerian Women. |
||
| 260 |
_aNigeria. _bForth Dimension Publishers. _c1995. |
||
| 300 |
_axv,148p; _bill: _c23cm |
||
| 504 | _aBibliography and Index are included. | ||
| 650 |
_aEducation. _91404 |
||
| 942 |
_2ddc _cSLOAN |
||
| 999 |
_c2768 _d2768 |
||